000 00216 a2200097 4500
001 10946
100 _aSavnders, M.
245 _aClass Control and Behaivor Problem
260 _a
_bTata Hile
_c
090 _c8515
_d8515
942 _aNUST-CAE
_cM
_c35284
999 _c246019
_d246019